000 01605nam2a22002531 4500
001 rc\282383
005 20250621063613.0
035 _a(NLR Aleph) 005628444
090 _a6554111
_c6554111
100 _a20030307d1990 |||y0rusy50 ca
101 0 _arus
102 _aRU
105 _aa |||||||||
200 1 _aРуководящие материалы по разработке проекта "Охрана окружающей природной среды" на стадиях проект (рабочий проект)
_hПодраздел
_iОхрана атмосферного воздуха от загрязнения
210 _d1990
_aБ. м.
215 _a37 с.
_cил.
320 _aБиблиогр.: с. 35-37
461 0 _1001rc\282380
_12001#$aРУКОВОДЯЩИЕ материалы по разработке проектов "Охрана окружающей среды для предприятий автомобильного транспорта"$fМ-во автомоб. трансп. РСФСР. Гипроавтотранс
_96554082
_cМ.
_d1990
_fМ-во автомоб. трансп. РСФСР. Гипроавтотранс
_nБ. и.
_tРУКОВОДЯЩИЕ материалы по разработке проектов "Охрана окружающей среды для предприятий автомобильного транспорта"
517 0 _aРуководящие материалы по разработке предложений...
801 0 _aRU
_bNLR
_gpsbo
801 1 _aRU
_bELAR
_2rusmarc
852 _aNLR
_j90-4/10956
942 _cBOOK
980 _aNB